[Event "Deizisau Autumn op 14th"]
[Site "Deizisau"]
[Date "2019.10.28"]
[Round "7"]
[White "Marquardt, Alexander"]
[Black "Sommer, Konstantin"]
[Result "1-0"]
[WhiteElo "2125"]
[BlackElo "1821"]
[PlyCount "125"]
[EventDate "2019.10.25"]
[EventType "swiss"]
[EventRounds "7"]
[EventCountry "GER"]
[SourceTitle "CBM 192 Extra"]
[Source "Chessbase"]
[SourceDate "2019.11.06"]
[SourceVersion "1"]
[SourceVersionDate "2019.11.06"]
[SourceQuality "1"]

1. c4 Nf6 2. Nc3 e6 3. e3 d5 4. Nf3 b6 5. d4 Bb4 6. Qa4+ Nc6 7. Ne5 Bxc3+ 8. bxc3 Bd7 9. Nxc6 0-0 10. Nxd8 Bxa4 11. cxd5 Raxd8 12. dxe6 fxe6 13. Bc4 Ne4 14. Bxe6+ Kh8 15. 0-0 Nxc3 16. Ba3 c5 17. dxc5 Nb5 18. Bb3 Nxa3 19. Bxa4 b5 20. Bb3 b4 21. Rac1 Nb5 22. Be6 Nc3 23. c6 Rd6 24. Bd7 Ne2+ 25. Kh1 Nxc1 26. Rxc1 Kg8 27. Bg4 h5 28. Bxh5 Rc8 29. Bf3 Rc7 30. h3 Kf8 31. Rc4 Rd2 32. Rxb4 Rxa2 33. Rf4+ Ke7 34. Bd5 Ra1+ 35. Kh2 a5 36. e4 Kd6 37. Rf8 a4 38. Ra8 a3 39. f4 Ke7 40. Kg3 Kf6 41. Kg4 Kg6 42. h4 Kf6 43. g3 g6 44. Kf3 a2 45. Kg4 Kg7 46. Ra6 Kh6 47. Bxa2 Re7 48. e5 Rc1 49. Bd5 Rc5 50. Be4 Rc4 51. Kf3 Rc3+ 52. Kf2 Rc4 53. Ke3 Rc3+ 54. Kd4 Rxg3 55. Kd5 Rc3 56. Kd6 Rf7 57. f5 gxf5 58. Bd5 Rd3 59. c7 Rxc7 60. Kxc7+ Kg7 61. Kd6 f4 62. Ra4 f3 63. Rf4 1-0

[Event "Wiesbaden op 23rd"]
[Site "Wiesbaden"]
[Date "2011.08.25"]
[Round "1"]
[White "Sommer, Konstantin"]
[Black "Brechlin, Olaf"]
[Result "0-1"]
[WhiteElo "1494"]
[BlackElo "2050"]
[PlyCount "50"]
[EventDate "2011.08.25"]
[EventType "swiss"]
[EventRounds "7"]
[EventCountry "GER"]
[SourceTitle "CBM 144 Extra"]
[Source "ChessBase"]
[SourceDate "2011.10.28"]
[SourceVersion "1"]
[SourceVersionDate "2011.10.28"]
[SourceQuality "1"]

1. d4 d5 2. Nf3 Nf6 3. e3 Bg4 4. Bd3 Nbd7 5. h3 Bh5 6. Nbd2 e6 7. c3 Be7 8. e4 dxe4 9. Nxe4 Bg6 10. Nxf6+ Bxf6 11. Bxg6 hxg6 12. Bf4 g5 13. Be5 g4 14. Bxf6 Qxf6 15. Ng1 Qg6 16. h4 Qe4+ 17. Kf1 0-0-0 18. Qe2 Qf5 19. Rc1 Nf6 20. f3 Nh5 21. Kf2 Nf4 22. fxg4 Nh3+ 23. Kg3 Qf4+ 24. Kxh3 Rxh4+ 25. Kxh4 Rh8# 0-1

[Event "GER-chB U25"]
[Site "Oberhof"]
[Date "2011.06.14"]
[Round "5"]
[White "Mueller, Philipp1111"]
[Black "Sommer, Konstantin"]
[Result "1/2-1/2"]
[WhiteElo "1328"]
[BlackElo "1502"]
[PlyCount "40"]
[EventDate "2011.06.11"]
[EventType "swiss"]
[EventRounds "9"]
[EventCountry "GER"]
[SourceTitle "CBM 142 Extra"]
[Source "ChessBase"]
[SourceDate "2011.06.27"]
[SourceVersion "1"]
[SourceVersionDate "2011.06.27"]
[SourceQuality "1"]

1. e4 c6 2. d4 d5 3. e5 Bf5 4. Bd3 Bxd3 5. Qxd3 e6 6. Nf3 Qb6 7. Nc3 c5 8. Qb5+ Nd7 9. Qxb6 Nxb6 10. Ne2 Rc8 11. 0-0 Ne7 12. c3 Nf5 13. Rd1 c4 14. Bf4 h6 15. h3 Rc6 16. Rdc1 Be7 17. Bd2 0-0 18. Rab1 Rb8 19. g3 Nd7 20. b3 Nb6 1/2-1/2

[Event "GER-chB U25"]
[Site "Oberhof"]
[Date "2011.06.14"]
[Round "6"]
[White "Sommer, Konstantin"]
[Black "Cejda, Moritz"]
[Result "1-0"]
[WhiteElo "1502"]
[BlackElo "1179"]
[PlyCount "83"]
[EventDate "2011.06.11"]
[EventType "swiss"]
[EventRounds "9"]
[EventCountry "GER"]
[SourceTitle "CBM 142 Extra"]
[Source "ChessBase"]
[SourceDate "2011.06.27"]
[SourceVersion "1"]
[SourceVersionDate "2011.06.27"]
[SourceQuality "1"]

1. d4 f5 2. g3 e6 3. Bg2 Nf6 4. c4 Be7 5. Nc3 c6 6. Nf3 0-0 7. 0-0 d5 8. b3 b6 9. Ne5 Bb7 10. Na4 Nbd7 11. Nf3 Ne4 12. Qc2 b5 13. Nb2 a6 14. Nd3 c5 15. cxb5 axb5 16. dxc5 Nexc5 17. Bb2 Nxd3 18. Qxd3 Bc6 19. Nd4 Ne5 20. Qe3 Qd6 21. f4 Ng4 22. Qxe6+ Qxe6 23. Nxe6 Bf6 24. Bxf6 Rxf6 25. Nc7 Rd8 26. Rfc1 Ne3 27. Bf3 Rc8 28. Nxd5 Nxd5 29. Bxd5+ Kf8 30. Bxc6 Rcxc6 31. Rxc6 Rxc6 32. a4 Ra6 33. a5 Ke7 34. b4 Ke6 35. Rc1 Kd5 36. Rc5+ Ke4 37. Rxb5 Ke3 38. Rb6 Ra7 39. a6 Kxe2 40. b5 Re7 41. Rb7 Re8 42. Kg2 1-0

[Event "GER-chB U25"]
[Site "Oberhof"]
[Date "2011.06.14"]
[Round "4"]
[White "Sommer, Konstantin"]
[Black "Reyher, Susan"]
[Result "1/2-1/2"]
[WhiteElo "1502"]
[BlackElo "1320"]
[PlyCount "34"]
[EventDate "2011.06.11"]
[EventType "swiss"]
[EventRounds "9"]
[EventCountry "GER"]
[SourceTitle "CBM 142 Extra"]
[Source "ChessBase"]
[SourceDate "2011.06.27"]
[SourceVersion "1"]
[SourceVersionDate "2011.06.27"]
[SourceQuality "1"]

1. d4 d5 2. Nf3 Nf6 3. e3 e6 4. Bd3 c5 5. c3 Nc6 6. Nbd2 Bd6 7. 0-0 0-0 8. dxc5 Bxc5 9. e4 Qc7 10. exd5 exd5 11. Qc2 Bg4 12. h3 Bh5 13. Ng5 Bg6 14. Bxg6 hxg6 15. Ndf3 Nh5 16. Kh1 Rfe8 17. Qd3 Rad8 1/2-1/2